ARRUPE JESUIT UNIVERSITY

CORONAVIRUS -STOP THE SPREAD - CLEAN,DISINFECT,COVER

Simple faith : (Record no. 120872)

MARC details
000 -LEADER
fixed length control field 01500cam a22002894a 4500
001 - CONTROL NUMBER
control field 16964997
003 - CONTROL NUMBER IDENTIFIER
control field ARRUPE
005 - DATE AND TIME OF LATEST TRANSACTION
control field 20170131085059.0
008 - FIXED-LENGTH DATA ELEMENTS--GENERAL INFORMATION
fixed length control field 110916s2012 ilu 000 0 eng
010 ## - LIBRARY OF CONGRESS CONTROL NUMBER
LC control number 2011038162
020 ## - INTERNATIONAL STANDARD BOOK NUMBER
International Standard Book Number 9780829436235
020 ## - INTERNATIONAL STANDARD BOOK NUMBER
International Standard Book Number 0829436235
035 ## - SYSTEM CONTROL NUMBER
System control number (OCoLC)ocn754389834
040 ## - CATALOGING SOURCE
Original cataloging agency DLC
Transcribing agency DLC
Modifying agency YDX
-- BTCTA
-- YDXCP
-- BWX
-- BDX
-- DLC
050 00 - LIBRARY OF CONGRESS CALL NUMBER
Classification number BV4637
Item number .S52 2012
300 ## - PHYSICAL DESCRIPTION
Dimensions 18 cm.
100 1# - MAIN ENTRY--PERSONAL NAME
Personal name Silf, Margaret.
9 (RLIN) 8810
245 10 - TITLE STATEMENT
Title Simple faith :
Remainder of title moving beyond religion as you know it to grow your relationship with God /
Statement of responsibility, etc Margaret Silf.
260 ## - PUBLICATION, DISTRIBUTION, ETC. (IMPRINT)
Place of publication, distribution, etc Chicago :
Name of publisher, distributor, etc Loyola Press,
Date of publication, distribution, etc c2012.
300 ## - PHYSICAL DESCRIPTION
Extent ix, 63 p. ;
505 0# - FORMATTED CONTENTS NOTE
Formatted contents note Who is God for me? -- Relating to God -- "God is love" : could this be true? -- Certainty or mystery? -- Does life have any meaning? -- What is my life's center? -- Who is Jesus? -- Following Jesus -- Entering the Gospels in prayer -- Can my life make any difference? -- Faith is as faith does -- Journeying alone, journeying together -- I want to ask God -- I need to ask myself -- I believe.
650 #0 - SUBJECT ADDED ENTRY--TOPICAL TERM
Topical term or geographic name as entry element Faith
9 (RLIN) 4967
General subdivision Meditations.
856 42 - ELECTRONIC LOCATION AND ACCESS
Materials specified Contributor biographical information
Uniform Resource Identifier <a href="http://catdir.loc.gov/catdir/enhancements/fy1203/2011038162-b.html">http://catdir.loc.gov/catdir/enhancements/fy1203/2011038162-b.html</a>
856 42 - ELECTRONIC LOCATION AND ACCESS
Materials specified Publisher description
Uniform Resource Identifier <a href="http://www.loc.gov/catdir/enhancements/fy1216/2011038162-d.html">http://www.loc.gov/catdir/enhancements/fy1216/2011038162-d.html</a>
906 ## - LOCAL DATA ELEMENT F, LDF (RLIN)
a 7
b cbc
c orignew
d 1
e ecip
f 20
g y-gencatlg
942 ## - ADDED ENTRY ELEMENTS (KOHA)
Source of classification or shelving scheme Library of Congress Classification
Koha item type Monograph ( Printed materials)
Koha issues (borrowed), all copies 1
Holdings
Withdrawn status Lost status Source of classification or shelving scheme Damaged status Not for loan Home library Current library Shelving location Date acquired Total Checkouts Full call number Barcode Date last seen Date checked out Price effective from Koha item type
    Library of Congress Classification     ARRUPE LIBRARY ARRUPE LIBRARY Main Collection 18/09/2014 2 BV4637 .S52 2012 46500000406 29/11/2017 20/03/2017 18/09/2014 Monograph ( Printed materials)

 

Arrupe Library. PO Box MP320 Mt Pleasant, Harare, Zimbabwe
263 242 745411|librarian@aju.ac.zw